| 000 | 00451nam a2200157 a 4500 | ||
|---|---|---|---|
| 001 | 000017928 | ||
| 005 | 20200929165301.0 | ||
| 008 | 100407s1958 dr 000 0 spa d | ||
| 040 |
_aDO-SdBNP _bspa _cBNPHU |
||
| 082 |
_axxx _bL215c |
||
| 100 | 1 |
_aLamar Schweyer, Alberto _938746 |
|
| 245 | 1 | 0 |
_aCómo cayó el presidente Machado / _cAlberto Lamar Schweyer. |
| 260 |
_aCiudad Trujillo : _b[s.n.], _c1958. |
||
| 300 |
_a204 p. ; _c21 cm. |
||
| 049 | _aBNPD | ||
| 999 |
_c17452 _d17452 |
||